| 000 | 01273cab a2200205 4500 | ||
|---|---|---|---|
| 001 | ABS49167 | ||
| 008 | 090401t1993 xxu||||| |||| 00| 0 eng d | ||
| 035 | _a(Sirsi) u70240 | ||
| 041 | _aeng | ||
| 245 | _aDonovan v Welsh Water plc and Alfred McAlpine Homes Midlands Ltd | ||
| 260 | _c1993 | ||
| 350 | _a0 | ||
| 490 |
_aRating & Valuation Reporter _v(1993) 33 RVR 126-127(2) |
||
| 520 | _aLT 4 March 1993. The first respondent (W) served a notice under Water Act 1989 s153 stating their intention to lay a sewer or drain across the defendant`s (D) land, along a line depicted on a plan. W employed the second respondent (M) to do the work. During this work M `uncovered` or `disturbed` land belonging to D adjoining the strip depicted on the plan due to an operationally difficulty. The parties could not decide on the liability of W and M in respect of the extra area of disturbed land. W denied responsibility claiming that the extra work was unauthorised. It was held that the LT did have jurisdiction to determine the case and it was held that W was liable to pay the compensation as M was acting as their agent. | ||
| 650 | _aPIPELINES | ||
| 650 | _aWATER ACT 1989 S153 | ||
| 690 | _aHIGHWAYS AND RIGHTS OF WAY-CASE LAW | ||
| 942 | _n0 | ||
| 948 | _c04/03/1997 | ||
| 999 |
_c44177 _d44177 |
||